| 000 | 00709nam a22002057a 4500 | ||
|---|---|---|---|
| 005 | 20251108170828.0 | ||
| 008 | 250721s1995 xx 000 0 ara d | ||
| 082 | 1 | 4 | _a216.22/محم |
| 100 | 1 | _aكوثري، محمد زاهد بن الحسن | |
| 245 | 1 | 0 | _aرفع الأشتباه عن مسألتي كشف الرؤوس ولبس النعال في الصلاة / |
| 264 | 1 |
_aالقاهرة : _bالمكتبة الأزهرية للتراث، _c1995. |
|
| 300 | _a22ص | ||
| 490 | 0 | _aمن تراث الكوثري ؛ 2 | |
| 650 | 1 | 7 | _aالصلوات |
| 650 | 1 | 7 | _aالأحكام الشرعية |
| 650 | 1 | 7 | _aالفقه الإسلامي |
| 650 | 1 | 7 | _aالإسلام |
| 942 |
_2ddc _cBK |
||
| 999 |
_c49958 _d49958 |
||